000 nam a22 7a 4500
999 _c128928
_d128928
008 190207b xxu||||| |||| 00| 0 eng d
050 _aBX3756.E4 C937
100 _aLucia, Jose Sols
_944470
245 _aThe legacy of Ignacio Ellacuria
_bten years after martydom
_cJose Sols Lucia
260 _aBarcelona
_c1999
300 _a32p. ;
_c22cm.
440 _aCJ booklets
_n86
_944471
600 _aEllacuria, Ignacio
_916393
942 _2lcc
_cMONOGRAPH